| 000 | 00770cam a22002657a 4500 | ||
|---|---|---|---|
| 003 | CHAP | ||
| 005 | 20220329141128.0 | ||
| 008 | 971010s1970 gw a r 00010 spa d | ||
| 010 | _a63068 | ||
| 011 | _a64040 | ||
| 035 | _a69069 | ||
| 040 | _cCHAP | ||
| 090 | _aFolleto 18224 | ||
| 245 | 0 | 0 | _aPrincipales plagas de los productos almacenados |
| 250 | _a2 ed. | ||
| 260 |
_aAlemania : _bDEGESCH, _c[197-?] |
||
| 300 |
_a1 hoja plegable _b: il. |
||
| 590 |
_aBATCH-UPD _b10 _c20130410 _lUCH01 _h0202 |
||
| 590 |
_aCONVERSION _b10 _c20130109 _lUCH01 _h1334 |
||
| 650 | 0 | 4 |
_aAgricultura _xPlagas _xCatalogos. _91766 |
| 650 | 0 | 4 |
_aPlagas de alimentos almacenados. _988637 |
| 901 | _aBK | ||
| 942 | _cFOLL | ||
| 949 |
_aFolleto 18224 _bBC _cFOLL _d33724002324595 _eTS1 _i69069 _sb |
||
| 999 |
_c63068 _d63068 |
||